000 00619nam a22001337a 4500
020 _a978-93-5461-428-6
082 _a06.067(079)ICA
_bSHA
100 _aSHARMA, Rakesh Kumar
_aCHAVAN,U.D.
245 _aReady reckoner for ICAR-AIEEA (UG): All India Entrance Exam for Admission in Agriculture, Horticulture, Forestry Fisheries, Community Science, Sericulture, Biotechnology, Agriculture Engineering, Dairy technology and Food technology. Rev Ed 2
260 _aNew Delhi
_bAstral International
_c2023
300 _a835p.
650 _aICAR Entrance Exam
_aAll India Entrance Exam for Admission
_aAIEEA UG Exam
942 _cBK
999 _c75102
_d75102